[Event "Foxwoods Open"]
[Site "Mashantucket, CT"]
[Date "2014.01.23"]
[Round "3.13"]
[White "Lastra, Ricardo"]
[Black "Mikhalevski, Victor"]
[Result "0-1"]
[WhiteElo "2176"]
[BlackElo "2551"]
[PlyCount "32"]
[EventDate "2014.01.??"]
[EventType "swiss"]
[EventRounds "9"]
[EventCountry "USA"]
[Source "MonRoi"]

1. e4 e5 2. Nf3 Nc6 3. d4 exd4 4. Bc4 Bc5 5. c3 Nf6 6. e5 d5 7. Bb5 Ne4 8. Nxd4
O-O 9. Bxc6 bxc6 10. O-O f6 11. exf6 Qxf6 12. Be3 Ba6 13. Ne2 Bxe3 14. fxe3
Qxf1+ 15. Qxf1 Rxf1+ 16. Kxf1 Rf8+ 0-1

[Event "Foxwoods Open"]
[Site "Mashantucket, CT"]
[Date "2014.01.23"]
[Round "3.18"]
[White "Markzon, Gregory"]
[Black "Goldenberg, Ryan"]
[Result "0-1"]
[WhiteElo "2207"]
[BlackElo "2303"]
[PlyCount "86"]
[EventDate "2014.01.??"]
[EventType "swiss"]
[EventRounds "9"]
[EventCountry "USA"]
[Source "MonRoi"]

1. d4 Nf6 2. c4 e6 3. Nc3 Bb4 4. a3 Bxc3+ 5. bxc3 d6 6. e3 Nc6 7. Bd3 e5 8. Ne2
e4 9. Bb1 Bg4 10. O-O Bxe2 11. Qxe2 O-O 12. f3 Qe7 13. f4 Na5 14. Ba2 c5 15.
Bd2 Qd7 16. f5 Qa4 17. Be1 Qxa3 18. Bg3 cxd4 19. cxd4 Qd3 20. Qxd3 exd3 21.
Bxd6 Rfe8 22. Bc7 Nc6 23. Bf4 Nh5 24. d5 Nb4 25. Bb3 Nxf4 26. exf4 b6 27. Ba4
Re4 28. d6 d2 29. Rad1 Re2 30. c5 bxc5 31. Bb5 c4 32. Bxc4 Re4 33. Bb5 a6 34.
Ba4 Rd4 35. d7 Nd5 36. Bc6 Rd8 37. Rf2 Ne7 38. Bb7 R8xd7 39. Bxa6 Nxf5 40. Re2
Rd8 41. g3 g6 42. Kf2 Nd6 43. Kf3 Ra8 0-1

[Event "Foxwoods Open"]
[Site "Mashantucket, CT"]
[Date "2014.01.24"]
[Round "4.2"]
[White "Corrales Jimenez, Fidel"]
[Black "Hungaski, Robert"]
[Result "1/2-1/2"]
[WhiteElo "2568"]
[BlackElo "2462"]
[PlyCount "119"]
[EventDate "2014.01.??"]
[EventType "swiss"]
[EventRounds "9"]
[EventCountry "USA"]
[Source "MonRoi"]
[WhiteClock "0:20:35"]
[BlackClock "0:03:04"]

1. e4 d6 2. d4 Nf6 3. Nc3 e5 4. Nf3 Nbd7 5. Bc4 Be7 6. O-O O-O 7. a4 a5 8. Re1
c6 9. h3 exd4 10. Nxd4 Nc5 11. Qf3 Be6 12. Bf1 Nfd7 13. Qg3 Re8 14. Rd1 Qb6 15.
Be3 Bf8 16. f4 Qb4 17. Bd3 Nxd3 18. cxd3 Nc5 19. Rd2 Bb3 20. Ra3 Be6 21. f5 Bd7
22. Ndb5 d5 23. f6 g6 24. e5 Nb3 25. Na2 Nxd2 26. Nxb4 axb4 27. Ra2 b3 28. Ra1
cxb5 29. Bxd2 bxa4 30. Qe1 Bc5+ 31. Kh2 Ra6 32. Bc3 Rxf6 33. exf6 Rxe1 34. Rxe1
d4 35. Bd2 b5 36. Kg3 h5 37. Rc1 a3 38. Rxc5 axb2 39. Rc1 bxc1=Q 40. Bxc1 Bf5
41. Bb2 Bxd3 42. Bxd4 g5 43. h4 Kh7 44. hxg5 Kg6 45. Kf4 h4 46. Kg4 Bc4 47. Ba1
b4 48. Kxh4 Kf5 49. Kh5 Bd3 50. g6 fxg6+ 51. Kh6 Bc4 52. g4+ Kxg4 53. Kxg6 Kf4
54. f7 Bxf7+ 55. Kxf7 Ke4 56. Ke6 Kd3 57. Kd5 Kc2 58. Kc4 b2 59. Bxb2 Kxb2 60.
Kxb4 1/2-1/2

[Event "Foxwoods Open"]
[Site "Mashantucket, CT"]
[Date "2014.01.24"]
[Round "4.3"]
[White "Kekelidze, Mikheil"]
[Black "Sevian, Samuel"]
[Result "1/2-1/2"]
[WhiteElo "2462"]
[BlackElo "2401"]
[PlyCount "129"]
[EventDate "2014.01.??"]
[EventType "swiss"]
[EventRounds "9"]
[EventCountry "USA"]
[Source "MonRoi"]
[WhiteClock "0:52:08"]
[BlackClock "0:04:02"]

1. d4 d5 2. c4 e6 3. Nf3 Nf6 4. g3 dxc4 5. Qa4+ Nbd7 6. Qxc4 a6 7. Bg5 b5 8.
Qc6 Rb8 9. Bxf6 gxf6 10. Bg2 Bb4+ 11. Nbd2 Bxd2+ 12. Kxd2 Bb7 13. Qc3 c5 14.
Rhd1 cxd4 15. Qxd4 Qa5+ 16. b4 Qb6 17. Ke1 Qxd4 18. Rxd4 Ke7 19. Nh4 Nb6 20.
Bxb7 Rxb7 21. Rc1 Rd8 22. Nf3 Rxd4 23. Nxd4 Nd5 24. a3 Rc7 25. Rc6 Rxc6 26.
Nxc6+ Kd6 27. Nb8 Nb6 28. Nxa6 Nc4 29. Nc5 Nxa3 30. Kd2 Nc4+ 31. Kc3 Nb6 32. e4
f5 33. Kd4 e5+ 34. Kd3 f6 35. exf5 Nd5 36. Ne4+ Ke7 37. Nc3 Nxb4+ 38. Ke4 Na6
39. Nxb5 Nc5+ 40. Ke3 Kf7 41. g4 Ke7 42. Nc3 Kf7 43. h3 Ke7 44. h4 h6 45. Ne4
Nb3 46. g5 hxg5 47. hxg5 Nd4 48. Nxf6 Nxf5+ 49. Ke4 Ke6 50. Ne8 Ne7 51. Nc7+
Kd6 52. Ne8+ Ke6 53. Ng7+ Kf7 54. Nf5 Ng6 55. Ne3 Nf4 56. Kf5 Nh3 57. f3 Ng1
58. Kg4 Kg6 59. Nd5 Nxf3 60. Ne7+ Kf7 61. Kxf3 Kxe7 62. Ke4 Ke6 63. g6 Kf6 64.
g7 Kxg7 65. Kxe5 1/2-1/2

[Event "Foxwoods Open"]
[Site "Mashantucket, CT"]
[Date "2014.01.24"]
[Round "4.4"]
[White "Tang, Andrew"]
[Black "Macieja, Bartlomiej"]
[Result "0-1"]
[WhiteElo "2222"]
[BlackElo "2583"]
[PlyCount "83"]
[EventDate "2014.01.??"]
[EventType "swiss"]
[EventRounds "9"]
[EventCountry "USA"]
[Source "MonRoi"]
[WhiteClock "0:29:23"]
[BlackClock "0:24:35"]

1. d4 Nf6 2. c4 e6 3. Nc3 Bb4 4. Qc2 O-O 5. a3 Bxc3+ 6. Qxc3 d6 7. Bg5 Nbd7 8.
e3 b6 9. Nf3 Bb7 10. Nd2 a5 11. Bd3 a4 12. O-O c5 13. dxc5 bxc5 14. e4 h6 15.
Bh4 g5 16. Bg3 e5 17. Rfe1 Nb8 18. Nf1 Nc6 19. h4 Nd4 20. hxg5 hxg5 21. f3 Nh5
22. Kf2 Qf6 23. Ne3 Kg7 24. Rh1 Rh8 25. Rh3 Nf4 26. Rxh8 Rxh8 27. Ng4 Qd8 28.
Ne3 Qf6 29. Ng4 Qd8 30. Ne3 Bc8 31. Rf1 Be6 32. Ke1 Qb6 33. Kd2 Nxd3 34. Kxd3
Rb8 35. Rb1 Qa6 36. b4 axb3 37. Qb2 Ra8 38. Ra1 Qc6 39. Qc3 Ra4 40. Be1 Qa6 41.
Bd2 b2 42. Qxb2 0-1

[Event "Foxwoods Open"]
[Site "Mashantucket, CT"]
[Date "2014.01.24"]
[Round "4.7"]
[White "Vibbert, Sean"]
[Black "Sarkar, Justin"]
[Result "1/2-1/2"]
[WhiteElo "2333"]
[BlackElo "2425"]
[PlyCount "73"]
[EventDate "2014.01.??"]
[EventType "swiss"]
[EventRounds "9"]
[EventCountry "USA"]
[Source "MonRoi"]

1. e4 e6 2. Nc3 d5 3. d4 Bb4 4. exd5 exd5 5. Bd3 Nf6 6. a3 Bxc3+ 7. bxc3 O-O 8.
Ne2 c5 9. dxc5 Nbd7 10. Be3 Qe7 11. O-O Nxc5 12. Bd4 Bg4 13. f3 Bd7 14. Qd2
Rfe8 15. Ng3 Qd6 16. Nf5 Bxf5 17. Bxf5 Nfd7 18. Qg5 g6 19. Bxd7 Nxd7 20. f4 Re4
21. Rf3 Rae8 22. Raf1 f5 23. h4 Qe7 24. Rd3 b6 25. Rd2 Qxa3 26. h5 Qe7 27. hxg6
Qxg5 28. gxh7+ Kxh7 29. fxg5 Kg6 30. Bf2 Kxg5 31. Rxd5 Nf6 32. Be3+ Rxe3 33.
Rdxf5+ Kg4 34. Rxf6 Re1 35. R6f4+ Kg5 36. Rf5+ Kg4 37. R5f4+ 1/2-1/2

[Event "Foxwoods Open"]
[Site "Mashantucket, CT"]
[Date "2014.01.24"]
[Round "4.8"]
[White "Yanayt, Eugene"]
[Black "Mikhalevski, Victor"]
[Result "1/2-1/2"]
[WhiteElo "2222"]
[BlackElo "2551"]
[PlyCount "102"]
[EventDate "2014.01.??"]
[EventType "swiss"]
[EventRounds "9"]
[EventCountry "USA"]
[Source "MonRoi"]

1. d4 Nf6 2. c4 g6 3. Nc3 d5 4. cxd5 Nxd5 5. e4 Nxc3 6. bxc3 Bg7 7. Be3 c5 8.
Qd2 cxd4 9. cxd4 Nc6 10. Rd1 Bg4 11. Nf3 O-O 12. Be2 Bxf3 13. gxf3 e6 14. d5
exd5 15. Qxd5 Qh4 16. Qg5 Qh3 17. Qg3 Bc3+ 18. Bd2 Bxd2+ 19. Rxd2 Qh6 20. f4
Rad8 21. Rxd8 Rxd8 22. O-O Nd4 23. Bf3 b5 24. Kh1 Qf8 25. f5 Nxf3 26. Qxf3 Qd6
27. Qg3 Qxg3 28. fxg3 Rd4 29. f6 Kf8 30. Rc1 Rc4 31. Rd1 Ke8 32. Rd5 a6 33.
Re5+ Kd8 34. Kg2 Rd4 35. g4 h6 36. h4 g5 37. hxg5 hxg5 38. Kf3 Rd6 39. Rf5 Kd7
40. Ke3 Ke6 41. Rxg5 Rc6 42. Rf5 Rc3+ 43. Kd4 Rc4+ 44. Kd3 Ra4 45. g5 Rxa2 46.
g6 Rg2 47. g7 b4 48. Kc4 a5 49. Rxa5 Kxf6 50. Kxb4 Kxg7 51. Kc3 Kf6 1/2-1/2

[Event "Foxwoods Open"]
[Site "Mashantucket, CT"]
[Date "2014.01.24"]
[Round "4.10"]
[White "Liang, Awonder"]
[Black "Chandra, Akshat"]
[Result "1/2-1/2"]
[WhiteElo "2248"]
[BlackElo "2341"]
[PlyCount "77"]
[EventDate "2014.01.??"]
[EventType "swiss"]
[EventRounds "9"]
[EventCountry "USA"]
[Source "MonRoi"]

1. e4 c5 2. Nf3 e6 3. d4 cxd4 4. Nxd4 Nc6 5. Nc3 Qc7 6. Be2 a6 7. O-O Nf6 8.
Be3 Bb4 9. Na4 O-O 10. Nxc6 bxc6 11. Nb6 Rb8 12. Nxc8 Rfxc8 13. Bxa6 Re8 14.
Bd3 Bd6 15. h3 Bh2+ 16. Kh1 Be5 17. c3 Rxb2 18. Qc1 Qb7 19. f4 Bc7 20. Bc5 e5
21. f5 d5 22. Bb4 dxe4 23. Bc4 Rxb4 24. cxb4 Qxb4 25. Bb3 e3 26. Qxc6 Ba5 27.
Bc4 Qf8 28. Rab1 Rc8 29. Qa6 Bd2 30. Rb7 Qc5 31. Bxf7+ Kh8 32. Be6 Rf8 33. Rfb1
Ne4 34. Rb8 e2 35. Qa8 Ng3+ 36. Kh2 Nf1+ 37. Kh1 Ng3+ 38. Kh2 Nf1+ 39. Kh1
1/2-1/2

[Event "Foxwoods Open"]
[Site "Mashantucket, CT"]
[Date "2014.01.24"]
[Round "4.12"]
[White "Hasan, Mehdi"]
[Black "Coleman, Teddy"]
[Result "0-1"]
[WhiteElo "2285"]
[BlackElo "2393"]
[PlyCount "133"]
[EventDate "2014.01.??"]
[EventType "swiss"]
[EventRounds "9"]
[EventCountry "USA"]
[Source "MonRoi"]

1. d4 d5 2. c4 c6 3. Nc3 Nf6 4. e3 e6 5. Nf3 Nbd7 6. Qc2 Bd6 7. Bd3 O-O 8. O-O
dxc4 9. Bxc4 a6 10. Rd1 b5 11. Bd3 Qc7 12. Bd2 c5 13. Ne4 c4 14. Rac1 Bb7 15.
b3 Ba3 16. Nxf6+ Nxf6 17. Rb1 Rac8 18. bxc4 bxc4 19. Qa4 Ng4 20. Ba5 Qe7 21.
Bxc4 Bc6 22. Qb3 Bxf3 23. gxf3 Nxh2 24. Kxh2 Qh4+ 25. Kg2 Qg5+ 26. Kf1 Qxa5 27.
d5 exd5 28. Rxd5 Rc5 29. Rd7 Rf5 30. Ke2 h6 31. Qd3 Rf6 32. Rbb7 Qh5 33. Qxa3
Qxf3+ 34. Kd3 g5 35. Qb2 Qf5+ 36. e4 Qf3+ 37. Kd4 Rc8 38. Qc2 Kh8 39. Bxf7 Rfc6
40. Qxc6 Qxf2+ 41. Ke5 Qg3+ 42. Kd5 Qd3+ 43. Kc5 Qe3+ 44. Kb4 Rxc6 45. Rd8+ Kg7
46. Bd5+ Kf6 47. Bxc6 g4 48. Bd5 h5 49. Rg8 Ke5 50. Ka5 Qa3+ 51. Kb6 g3 52.
Rbg7 h4 53. Rg5+ Kd4 54. Bc6 Qxa2 55. e5 a5 56. R8g7 a4 57. Kc7 a3 58. Kd6 Qd2
59. Rg4+ Ke3+ 60. Bd5 Qa5 61. e6 Qd8+ 62. Ke5 Qb8+ 63. Kf5 Qb5 64. Re4+ Kf2 65.
Re5 Qb1+ 66. Be4 a2 67. e7 0-1

[Event "Foxwoods Open"]
[Site "Mashantucket, CT"]
[Date "2014.01.24"]
[Round "4.13"]
[White "Englert, Fabian"]
[Black "Yagiz, Bora"]
[Result "1-0"]
[WhiteElo "2316"]
[BlackElo "1896"]
[PlyCount "59"]
[EventDate "2014.01.??"]
[EventType "swiss"]
[EventRounds "9"]
[EventCountry "USA"]
[Source "MonRoi"]

1. d4 Nf6 2. Nf3 g6 3. c4 Bg7 4. Nc3 d6 5. Bg5 h6 6. Bh4 g5 7. Bg3 Nh5 8. e3
Nxg3 9. hxg3 e6 10. Qc2 Qe7 11. Bd3 Bd7 12. a3 Nc6 13. b4 O-O-O 14. Nd2 Rdf8
15. c5 dxc5 16. bxc5 Nd8 17. Rb1 f5 18. Bb5 Qe8 19. Nc4 a6 20. Bxd7+ Kxd7 21.
Na5 Ke7 22. Qb3 f4 23. O-O fxe3 24. fxe3 Rxf1+ 25. Rxf1 h5 26. Qb4 Qd7 27. c6+
Qd6 28. cxb7 Qxb4 29. axb4 Nxb7 30. Nxb7 1-0

[Event "Foxwoods Open"]
[Site "Mashantucket, CT"]
[Date "2014.01.24"]
[Round "4.16"]
[White "Katz, Alexander R"]
[Black "Juac, Majur"]
[Result "1-0"]
[WhiteElo "2256"]
[BlackElo "2100"]
[PlyCount "67"]
[EventDate "2014.01.??"]
[EventType "swiss"]
[EventRounds "9"]
[EventCountry "USA"]
[Source "MonRoi"]

1. d4 d6 2. e4 Nf6 3. Nc3 g6 4. Bg5 Bg7 5. Qd2 c6 6. f4 b5 7. Bd3 Qb6 8. Nf3
O-O 9. f5 b4 10. Ne2 c5 11. e5 dxe5 12. dxe5 Ng4 13. Bxe7 Re8 14. Nf4 Bb7 15.
f6 Nxf6 16. Bxf6 Bxf6 17. O-O Bg7 18. Bc4 Bxf3 19. Rxf3 Rxe5 20. Bxf7+ Kh8 21.
Rh3 Rg5 22. Kh1 Na6 23. Qd3 Bxb2 24. Bxg6 Rxg6 25. Nxg6+ Kg7 26. Qd7+ Kxg6 27.
Qxh7+ Kg5 28. Rg3+ Kf4 29. Rf1+ Ke5 30. Qh5+ Kd6 31. Rg6+ Kc7 32. Rf7+ Kc8 33.
Rg8+ Qd8 34. Qg4+ 1-0

[Event "Foxwoods Open"]
[Site "Mashantucket, CT"]
[Date "2014.01.24"]
[Round "5.2"]
[White "Perelshteyn, Eugene"]
[Black "Corrales Jimenez, Fidel"]
[Result "1-0"]
[WhiteElo "2499"]
[BlackElo "2568"]
[PlyCount "130"]
[EventDate "2014.01.??"]
[EventType "swiss"]
[EventRounds "9"]
[EventCountry "USA"]
[Source "MonRoi"]

1. Nf3 d5 2. d4 Nf6 3. c4 c6 4. e3 Bf5 5. Nc3 e6 6. Bd3 Bxd3 7. Qxd3 Nbd7 8.
O-O Be7 9. e4 dxe4 10. Nxe4 Nxe4 11. Qxe4 O-O 12. Bf4 Re8 13. Rfd1 Qb6 14. Qc2
Rad8 15. a3 a5 16. Rab1 Qa6 17. a4 h6 18. h3 Nf6 19. Rd3 c5 20. Rbd1 cxd4 21.
Nxd4 Rc8 22. Nb5 Nd5 23. Bd2 Nb4 24. Bxb4 Bxb4 25. b3 Bc5 26. Nd6 Bxd6 27. Rxd6
Qa7 28. Qe4 Qb8 29. Qd4 Rc6 30. Rd7 Rc7 31. Qb6 Rxd7 32. Rxd7 Qf4 33. Rxb7 Qc1+
34. Kh2 Qf4+ 35. g3 Qf3 36. Rd7 g5 37. Kg1 Kg7 38. Qxa5 Qxb3 39. Qe5+ Kg6 40.
Qe4+ Kg7 41. Qb7 Qxb7 42. Rxb7 Ra8 43. Rb4 Kf6 44. Kg2 Ke5 45. Kf3 Kd4 46. Kg4
Ra5 47. Kh5 Rf5 48. Rb2 Kc3 49. Re2 Kd3 50. Ra2 Kxc4 51. Kxh6 Kb3 52. Ra1 Kb2
53. Rf1 Kb3 54. g4 Rf3 55. Kxg5 Rxh3 56. f4 Kxa4 57. Kf6 Rh7 58. g5 Kb5 59. Rc1
Kb6 60. Rc8 Ka6 61. Rf8 Rh4 62. Rxf7 Rxf4+ 63. Kxe6 Rg4 64. Kf6 Kb6 65. g6 Rg1
1-0

[Event "Foxwoods Open"]
[Site "Mashantucket, CT"]
[Date "2014.01.24"]
[Round "5.3"]
[White "Hungaski, Robert"]
[Black "Stripunsky, Alexander"]
[Result "1/2-1/2"]
[WhiteElo "2462"]
[BlackElo "2549"]
[PlyCount "105"]
[EventDate "2014.01.??"]
[EventType "swiss"]
[EventRounds "9"]
[EventCountry "USA"]
[Source "MonRoi"]
[WhiteClock "0:19:20"]
[BlackClock "0:07:05"]

1. d4 d5 2. c4 e6 3. Nf3 c5 4. cxd5 exd5 5. g3 Nc6 6. Bg2 Nf6 7. O-O Be7 8.
dxc5 Bxc5 9. Bg5 Be6 10. Nc3 O-O 11. Rc1 Bb6 12. b3 Re8 13. e3 Qd7 14. Bxf6
gxf6 15. Nh4 Ne7 16. Qh5 Kg7 17. h3 Rac8 18. Rfd1 Rc6 19. Ne2 Qc7 20. Rxc6 bxc6
21. Qf3 Ng6 22. Nf5+ Bxf5 23. Qxf5 Qe5 24. Qc2 Re6 25. Nd4 Bxd4 26. Rxd4 Qd6
27. Qd2 Qe7 28. Ra4 Qc5 29. e4 dxe4 30. Bxe4 Rd6 31. Qc2 Qe5 32. Rxa7 Qa1+ 33.
Kg2 Ne5 34. Qc5 Rd8 35. Qe7 Qe1 36. Qxd8 Qxe4+ 37. Kf1 Nd3 38. Qb6 c5 39. Qb7
Qe1+ 40. Kg2 Qxf2+ 41. Kh1 Qf1+ 42. Kh2 Ne5 43. g4 Qf2+ 44. Kh1 c4 45. bxc4
Qf1+ 46. Kh2 Qf2+ 47. Kh1 Qe3 48. Kg2 Kh6 49. Ra6 Qe2+ 50. Kg3 Qe3+ 51. Kg2
Qe2+ 52. Kg3 Qe1+ 53. Kg2 1/2-1/2

[Event "Foxwoods Open"]
[Site "Mashantucket, CT"]
[Date "2014.01.24"]
[Round "5.6"]
[White "Sarkar, Justin"]
[Black "Bonin, Jay"]
[Result "1/2-1/2"]
[WhiteElo "2425"]
[BlackElo "2303"]
[PlyCount "22"]
[EventDate "2014.01.??"]
[EventType "swiss"]
[EventRounds "9"]
[EventCountry "USA"]
[Source "MonRoi"]

1. d4 d5 2. c4 c6 3. Nf3 Nf6 4. Nc3 g6 5. cxd5 cxd5 6. Bf4 Nc6 7. h3 Ne4 8. e3
Nxc3 9. bxc3 Bg7 10. Bd3 O-O 11. O-O b6 1/2-1/2

[Event "Foxwoods Open"]
[Site "Mashantucket, CT"]
[Date "2014.01.24"]
[Round "5.7"]
[White "Yanayt, Eugene"]
[Black "Vibbert, Sean"]
[Result "0-1"]
[WhiteElo "2222"]
[BlackElo "2333"]
[PlyCount "86"]
[EventDate "2014.01.??"]
[EventType "swiss"]
[EventRounds "9"]
[EventCountry "USA"]
[Source "MonRoi"]

1. e4 c5 2. Nf3 e6 3. d4 cxd4 4. Nxd4 Nc6 5. Nc3 Qc7 6. Be2 a6 7. O-O b5 8.
Nxc6 Qxc6 9. Bf3 Bb7 10. Be3 Qc7 11. e5 f5 12. exf6 Nxf6 13. Re1 Be7 14. Bxb7
Qxb7 15. f3 O-O 16. Bf2 Rac8 17. Ne4 Nd5 18. Kh1 b4 19. Rc1 Nf4 20. Bg3 d5 21.
Nf2 Bg5 22. Rb1 Qc6 23. Nd3 Qxc2 24. Bxf4 Bxf4 25. Rxe6 d4 26. Qxc2 Rxc2 27.
Rxa6 Rfc8 28. Re6 Be3 29. g3 Rb8 30. Rd1 Ra8 31. Rb6 Bd2 32. Rd6 Be3 33. Rb6 h6
34. Rxb4 Rxa2 35. Rb8+ Kh7 36. Rb5 Ra8 37. h4 Re8 38. Ne1 Re2 39. Ng2 Rc8 40.
Rb3 Rcc2 41. Nxe3 dxe3 42. g4 Rh2+ 43. Kg1 Rcg2+ 0-1

[Event "Foxwoods Open"]
[Site "Mashantucket, CT"]
[Date "2014.01.24"]
[Round "5.8"]
[White "Mikhalevski, Victor"]
[Black "Englert, Fabian"]
[Result "0-1"]
[WhiteElo "2551"]
[BlackElo "2316"]
[PlyCount "36"]
[EventDate "2014.01.??"]
[EventType "swiss"]
[EventRounds "9"]
[EventCountry "USA"]
[Source "MonRoi"]

1. c4 e6 2. g3 d5 3. Bg2 d4 4. e3 Nc6 5. Nf3 Nf6 6. O-O Be7 7. exd4 Nxd4 8.
Nxd4 Qxd4 9. d3 e5 10. Nc3 c6 11. Be3 Qd8 12. d4 exd4 13. Bxd4 Be6 14. b3 O-O
15. Re1 Qa5 16. Qc2 Rad8 17. Rad1 Rd7 18. Ne4 Rxd4 0-1

[Event "Foxwoods Open"]
[Site "Mashantucket, CT"]
[Date "2014.01.24"]
[Round "5.9"]
[White "Shmelov, Denys"]
[Black "Liang, Awonder"]
[Result "0-1"]
[WhiteElo "2417"]
[BlackElo "2248"]
[PlyCount "72"]
[EventDate "2014.01.??"]
[EventType "swiss"]
[EventRounds "9"]
[EventCountry "USA"]
[Source "MonRoi"]

1. d4 Nf6 2. c4 g6 3. Nc3 Bg7 4. e4 d6 5. Be2 O-O 6. Nf3 e5 7. O-O Nc6 8. d5
Ne7 9. Ne1 Nd7 10. Be3 f5 11. f3 f4 12. Bf2 g5 13. Rc1 b6 14. b4 Nf6 15. c5 a6
16. cxb6 cxb6 17. Na4 Rb8 18. Qc2 Bd7 19. Nb2 Rc8 20. Qd1 Rxc1 21. Qxc1 b5 22.
Ned3 g4 23. Qd2 Ng6 24. Rc1 h5 25. Kh1 g3 26. Bg1 gxh2 27. Bxh2 h4 28. Qc2 Nh5
29. Qc7 Qe7 30. Bf1 Ng3+ 31. Kg1 h3 32. gxh3 Rc8 33. Qa7 Rxc1 34. Nxc1 Nxf1 35.
Qb8+ Bf8 36. Kxf1 Qh4 0-1

[Event "Foxwoods Open"]
[Site "Mashantucket, CT"]
[Date "2014.01.24"]
[Round "5.10"]
[White "Coleman, Teddy"]
[Black "Gu, Christopher"]
[Result "1/2-1/2"]
[WhiteElo "2393"]
[BlackElo "2290"]
[PlyCount "70"]
[EventDate "2014.01.??"]
[EventType "swiss"]
[EventRounds "9"]
[EventCountry "USA"]
[Source "MonRoi"]

1. d4 d5 2. c4 c6 3. Nc3 Nf6 4. e3 a6 5. Qc2 g6 6. Bd3 Bg7 7. b3 O-O 8. Bb2 c5
9. dxc5 Nc6 10. a3 dxc4 11. Bxc4 Bf5 12. Qe2 Ne5 13. Rd1 Qc7 14. Nf3 Nxf3+ 15.
gxf3 Qxc5 16. b4 Qc7 17. O-O e5 18. Rd2 Qe7 19. Rfd1 e4 20. fxe4 Nxe4 21. Nxe4
Bxe4 22. f3 Bxb2 23. Rxb2 Bc6 24. Rbd2 Rae8 25. e4 Qg5+ 26. Kh1 Re7 27. Bd5
Bxd5 28. Rxd5 Qf6 29. Qd3 Rfe8 30. Rd8 Kg7 31. Rxe8 Rxe8 32. Qd4 Re7 33. Kg2
Rc7 34. Kg3 Qxd4 35. Rxd4 Kf6 1/2-1/2

[Event "Foxwoods Open"]
[Site "Mashantucket, CT"]
[Date "2014.01.24"]
[Round "5.11"]
[White "Goldenberg, Ryan"]
[Black "Mandizha, Farai"]
[Result "1/2-1/2"]
[WhiteElo "2303"]
[BlackElo "2379"]
[PlyCount "109"]
[EventDate "2014.01.??"]
[EventType "swiss"]
[EventRounds "9"]
[EventCountry "USA"]
[Source "MonRoi"]

1. e4 c5 2. Nf3 a6 3. c3 d5 4. exd5 Qxd5 5. d4 Nf6 6. Be3 cxd4 7. cxd4 e6 8.
Nc3 Qd6 9. Bd3 Be7 10. O-O O-O 11. Rc1 Rd8 12. Qc2 h6 13. Rfd1 Nc6 14. a3 Bd7
15. Qd2 Bf8 16. Bf4 Qe7 17. Bb1 Be8 18. Qd3 Rac8 19. Re1 Qd7 20. Rcd1 Bd6 21.
Bxd6 Qxd6 22. Ne4 Nxe4 23. Qxe4 g6 24. Ba2 Qf8 25. h4 Rd6 26. d5 Rcd8 27. h5 g5
28. Bb3 exd5 29. Bxd5 Kg7 30. g4 Rf6 31. Nd4 Nxd4 32. Qxd4 Bc6 33. Re5 Rxd5 34.
Rxd5 Bxd5 35. Qxd5 Qc8 36. Qd4 Qc6 37. Re1 Qb6 38. Qxb6 Rxb6 39. b4 Kf6 40. Re3
Re6 41. Rd3 Ke5 42. Rd7 Rf6 43. Kg2 b5 44. f3 Ke6 45. Rd3 Rf4 46. Rd8 Ke5 47.
Kg3 Rd4 48. Re8+ Kf6 49. Rh8 Kg7 50. Ra8 Rd6 51. Kf2 Rc6 52. Ke2 Kf6 53. Ra7
Ke6 54. Kd3 f5 55. Kd4 1/2-1/2

[Event "Foxwoods Open"]
[Site "Mashantucket, CT"]
[Date "2014.01.24"]
[Round "5.12"]
[White "Chandra, Akshat"]
[Black "Tang, Andrew"]
[Result "1-0"]
[WhiteElo "2341"]
[BlackElo "2222"]
[PlyCount "79"]
[EventDate "2014.01.??"]
[EventType "swiss"]
[EventRounds "9"]
[EventCountry "USA"]
[Source "MonRoi"]

1. e4 e5 2. Nf3 Nc6 3. Bb5 a6 4. Ba4 Nf6 5. O-O Be7 6. Re1 b5 7. Bb3 d6 8. c3
O-O 9. h3 Bb7 10. d4 Re8 11. Nbd2 Bf8 12. a3 h6 13. Ba2 Nb8 14. Qb3 Qe7 15. a4
Bc6 16. axb5 axb5 17. Qc2 Nbd7 18. d5 Bb7 19. b4 c6 20. dxc6 Bxc6 21. Nb3 Nb6
22. Na5 Qc7 23. Be3 Bd7 24. Nd2 Rac8 25. Qd3 Na4 26. Rec1 d5 27. exd5 e4 28.
Qf1 Nxc3 29. Bd4 Bxb4 30. Nc6 Qd6 31. Bxc3 Bxc3 32. Rxc3 Bxc6 33. Rxc6 Rxc6 34.
dxc6 Qxd2 35. Qxb5 e3 36. fxe3 Qxe3+ 37. Kh1 Qe5 38. Qxe5 Rxe5 39. c7 Re8 40.
Rd1 1-0

[Event "Foxwoods Open"]
[Site "Mashantucket, CT"]
[Date "2014.01.24"]
[Round "5.14"]
[White "Karklins, Andrew"]
[Black "Hasan, Mehdi"]
[Result "0-1"]
[WhiteElo "2125"]
[BlackElo "2285"]
[PlyCount "94"]
[EventDate "2014.01.??"]
[EventType "swiss"]
[EventRounds "9"]
[EventCountry "USA"]
[Source "MonRoi"]

1. e4 c5 2. Nf3 e6 3. d4 cxd4 4. Nxd4 Nc6 5. Nc3 Qc7 6. g3 a6 7. Bg2 Nf6 8. f4
d6 9. b3 Be7 10. Bb2 O-O 11. Qd2 Bd7 12. O-O-O Rac8 13. Rhe1 Rfd8 14. Qe2 Nxd4
15. Rxd4 Bc6 16. Red1 b5 17. e5 dxe5 18. Rxd8+ Rxd8 19. Rxd8+ Bxd8 20. Bxc6
Qxc6 21. Qxe5 Bc7 22. Qd4 Bb6 23. Qe5 h6 24. Nd1 Kh7 25. Qe2 Qe4 26. Kd2 Ba5+
27. c3 Bb6 28. Qxe4+ Nxe4+ 29. Ke2 f5 30. Kf3 g5 31. g4 Kg6 32. h3 Ba5 33. Ke3
Bb6+ 34. Kf3 Ba5 35. Ke3 Bc7 36. fxg5 hxg5 37. Kf3 Ba5 38. Ke3 Nd6 39. Ba3 Bb6+
40. Kf3 Nf7 41. gxf5+ exf5 42. Bc1 Ne5+ 43. Ke2 f4 44. Bd2 Kf5 45. Nf2 Bxf2 46.
Kxf2 Ke4 47. Ke2 Nf3 0-1

[Event "Foxwoods Open"]
[Site "Mashantucket, CT"]
[Date "2014.01.24"]
[Round "5.15"]
[White "Yagiz, Bora"]
[Black "Katz, Alexander R"]
[Result "0-1"]
[WhiteElo "1896"]
[BlackElo "2256"]
[PlyCount "77"]
[EventDate "2014.01.??"]
[EventType "swiss"]
[EventRounds "9"]
[EventCountry "USA"]
[Source "MonRoi"]

1. e4 d6 2. d4 Nf6 3. Nc3 g6 4. f4 Bg7 5. Nf3 c5 6. Bb5+ Bd7 7. e5 Ng4 8. h3
Bxb5 9. Nxb5 dxe5 10. fxe5 Qa5+ 11. c3 Nxe5 12. dxe5 Qxb5 13. a4 Qc4 14. a5 Nd7
15. Ra4 Qe6 16. Re4 Qc6 17. Qe2 Nf8 18. Rc4 Rd8 19. Be3 Rd5 20. Bd4 Ne6 21. Qe4
Qd7 22. Bg1 Ng5 23. Qe2 Nxf3+ 24. gxf3 Rxe5 25. Re4 Rf5 26. Bf2 Bf6 27. Bh4 O-O
28. Rg1 Qc7 29. Bf2 Qxa5 30. Kf1 Qa1+ 31. Kg2 Rg5+ 32. Rg4 Rxg4+ 33. hxg4 Qa5
34. Rh1 Qc7 35. Bg3 Qd7 36. Qe3 Rd8 37. Qh6 Qd2+ 38. Qxd2 Rxd2+ 39. Bf2 0-1

[Event "Foxwoods Open"]
[Site "Mashantucket, CT"]
[Date "2014.01.24"]
[Round "5.16"]
[White "Juac, Majur"]
[Black "Daly, Troy"]
[Result "0-1"]
[WhiteElo "2100"]
[BlackElo "2139"]
[PlyCount "104"]
[EventDate "2014.01.??"]
[EventType "swiss"]
[EventRounds "9"]
[EventCountry "USA"]
[Source "MonRoi"]

1. e4 c5 2. Nf3 Nc6 3. d4 cxd4 4. Nxd4 g6 5. Nc3 Bg7 6. Be3 Nf6 7. Bc4 O-O 8.
Bb3 d6 9. f3 Bd7 10. Qd2 Qa5 11. g4 Ne5 12. O-O-O Rfc8 13. h4 Nc4 14. Bxc4 Rxc4
15. Nb3 Qa6 16. Kb1 Rac8 17. h5 b5 18. hxg6 b4 19. gxh7+ Kh8 20. Nd5 Nxd5 21.
Qxd5 Be6 22. Qd3 Bxb2 23. Nd4 Qa3 24. Qb3 Bc3 25. Nxe6 fxe6 26. Bg5 Be5 27. Rd2
Qa5 28. Bxe7 Qc7 29. f4 Qxe7 30. fxe5 Rc3 31. Qxb4 Qg5 32. Qxd6 R3c6 33. Qb4
Rb6 34. Qxb6 axb6 35. Rd7 Qxe5 36. Rhd1 Qxe4 37. R1d2 Qxg4 38. R2d6 Qb4+ 39.
Kc1 Qe1+ 40. Kb2 Qb4+ 41. Kc1 Qf4+ 42. Kb2 Qe5+ 43. Kb1 Qb5+ 44. Kc1 Qc4 45.
Rd2 Qxa2 46. Rf2 Qa1+ 47. Kd2 Qa4 48. Rff7 Rxc2+ 49. Kd3 Qc4+ 50. Ke3 Re2+ 51.
Kf3 Qe4+ 52. Kg3 Rg2+ 0-1